000
00289nam a2200133Ia 4500
100
_a
Goldberg/David.E.
942
_c
BK
366
_f
15
654
_a
Algorithms-Genetic
245
_a
Genetic Algorithms
260
_b
Pearson Education.
_a
New Delhi.
300
_a
412
546
_a
ENGLISH
999
_c
22048
_d
22048